| 000 | 00676cam a2200193 a 4500 | ||
|---|---|---|---|
| 020 | _a0309035171 (pbk.) | ||
| 082 | 0 | 0 |
_a380.5 _bNAT _cD |
| 245 | 0 | 0 |
_aBridges and culverts / _cTransportation Research Board. |
| 260 |
_aWashington, D.C. : _bNational Research Council, National Academy of Sciences, _c1983. |
||
| 300 |
_av, 114 p. : _bill. ; _c28 cm. |
||
| 500 | _aReports for the TRB 62nd annual meeting. | ||
| 526 |
_a0 _b0 _c0 _d380_500000000000000_NAT |
||
| 650 | 0 |
_aBridges _xDesign and construction. _9801 |
|
| 650 | 0 |
_aBridges _xTesting. _921626 |
|
| 650 | 0 |
_aCulverts. _93093 |
|
| 650 | 0 |
_aMCE _9379 |
|
| 710 | 2 |
_aNational Research Council (U.S.). _920017 |
|
| 942 |
_2ddc _cBK |
||
| 999 |
_c542939 _d542939 |
||